000 01202cam a22003497a 4500
003 CHAP
005 20220329133350.0
008 971013s1992 r 00010 d
010 _a5502
011 _a6474
035 _a5694
040 _cCHAP
090 _aTesis
100 0 0 _aAyala Pérez, José Pedro.
_98968
245 0 _aCaracterización de germoplasma de tomate de cáscara (Physalis ixocarpa Brot.) en Chapingo, Méx.
260 _aChapingo, Méx. :
_bEl Autor,
_c1992
300 _a62 h
502 _aTesis (Ing. Agr. Esp. en Fitotecnia) -- UACH. Departamento de Fitotecnia
590 _aALEPH
_b10
_c20130110
_lUCH01
_h1216
590 _aBATCH-UPD
_b10
_c20130110
_lUCH01
_h0055
590 _aBATCH-UPD
_b10
_c20130110
_lUCH01
_h1956
590 _aBATCH-UPD
_b10
_c20130409
_lUCH01
_h2043
590 _aBATCH-UPD
_b10
_c20130410
_lUCH01
_h1317
590 _aBATCH-UPD
_b10
_c20130914
_lUCH01
_h0500
590 _aCONVERSION
_b10
_c20130109
_lUCH01
_h1304
650 1 4 _aTomate verde
_xGermoplasma.
_9113818
650 1 4 _aTomate verde
_xMejoramiento.
_9113825
650 1 4 _aTomate verde
_zMéxico (Edo.).
_9113846
901 _aBK
942 _cTESIS
949 _bBC
_cTES
_d-15284
_eTS1
_h24916
_i5694
_si
999 _c5502
_d5502